Регионална библиотека "Любен Каравелов" - Русе

Аз уча светото писание (Запис номер 103823)

MARC детайли
000 -Лидер
Контролно поле с фиксирана дължина 01643nam a2200373 c 4500
003 - Код на организацията, давaща контролен номер
Контролно поле BLK
005 - Дата и час на последна редакция
Контролно поле 20180420230241.0
008 - Елементи от данни с фиксирана дължина
fixed length control field 180409b bul|||||r ||||||| ||bul||
010 ## - Наследен системен номер
LC control number KNG00108903000
020 ## - Международен стандартен номер на книга ISBN
Международен стандартен номер на книга ISBN 954-8341-07-7
-- издат.: Ава
040 ## - Източник на каталожния запис
Идентификатор на билиотеката - собственик на записа BLK
041 ## - Код за език
Код за езика на текст/звукозапис или на отделно заглавие Български
Код за езика КДБФ Български
080 ## - УДК
Текстов определител УДК Религиозна литература. Учебници по вероучение (религия)
УДК код - определител по УДК 244
УДК определител
УДК - код + определител 244
080 ## - УДК
Текстов определител УДК Вероучение - учебни предмети
УДК код - определител по УДК 372.824.4
УДК определител (075.2)
УДК - код + определител 372.824.4(075.2)
080 ## - УДК
Текстов определител УДК Вероучение - учебни предмети
УДК код - определител по УДК 372.824.4
УДК определител (075.3)
УДК - код + определител 372.824.4(075.3)
139 ## - Редно поле
Редна дума Аз уча светото писание
Авторски знак Аз - А 36
245 10 - Сведения за заглавието
Заглавие Аз уча светото писание
Подзаглавни данни Подготв. курс по вероучение за осн. и средни у-ща, ил. с ориг. литогр. с одобр. на М-вото на образованието и Св. Синод
257 ## - Страна на издаване
Страна на създаване/издаване България
260 ## - Област на издателските данни
-- София
Име на издателя, разпространителя и проч. Ава
Година на издаване 1995
Печатница София : НСА
300 ## - Физическа характеристика
Страници 107 с.
Илюстрации и др. с ил.
Размери/Мащаб 16 см
380 ## - Жанр
Жанр Детска отраслова лит.
500 ## - Общи забележки
Забележка Кор. Библия за деца. - Офс. изд.
650 #4 - Допълнително описание по предмет – тема
Основно описание – тема или топоним Вероучение - учебници
9 (RLIN) 280578
653 ## - Ключова дума – ненормативна
Ключова дума Библия
653 ## - Ключова дума – ненормативна
Ключова дума вероучение
653 ## - Ключова дума – ненормативна
Ключова дума учебни помагала
653 ## - Ключова дума – ненормативна
Ключова дума учебници за основни училища
653 ## - Ключова дума – ненормативна
Ключова дума учебници за средни училища
852 ## - Местоположение
Форматна сигнатура Цб І 30983
856 4# - Електронен адрес и достъп
Електронен формат pdf - файл
Път до файла /url/
856 4# - Електронен адрес и достъп
Електронен формат pdf - файл
Път до файла /url/
942 ## - АРТИКУЛИ
Вид на библиотечния материал Книги
Скрит в OPAC Не
944 ## - СЪЗДАВАНЕ И РЕДАКЦИЯ на ЗАПИСА
Създаване/Редакция Създаване
Дата на регистрацията/редакция 12.11.2003
Служител, извършил регистрацията/редакцията Людмила_Стоянова
944 ## - СЪЗДАВАНЕ И РЕДАКЦИЯ на ЗАПИСА
Създаване/Редакция Редакция
Дата на регистрацията/редакция 21.04.2004
Служител, извършил регистрацията/редакцията
999 ## - СИСТЕМНИ КОНТРОЛНИ НОМЕРА
Koha biblionumber 103823
Koha biblioitemnumber 103823
Наличности
Код за отписване Код за изгубен артикул Източник на класификационната схема Код за повреда Коз за рестрикции Код за отдаване Артикулен № Име на библиотеката - собственик Име на библиотеката, в която се намира в момента Статус (Текущо местоположение) Дата на вписване в системата Местоположение - отдел Цена в лева Инвентарен номер Систематично азбучна сигнатура Баркод Номер на екземпляра Цена в евро Служебна бележка Служебен тип на артикула
Изтеглен Не е изгубен Universal Decimal Classification Не е повреден без рестрикции заемане за дома 167636 Регионална библиотека "Любен Каравелов" Русе Регионална библиотека "Любен Каравелов" Русе Детски отдел 2003-11-12 Детски отдел 5.50 120000679945 ДН 2/А 36 120000679945 1 2.81 Дост: DA Вид: А N: 27 Дата: 12.11.2003 Дата инв: 30.09.2015 Бележки инв: Д2015 Книги
Изтеглен Не е изгубен Universal Decimal Classification Не е повреден без рестрикции заемане за дома 167637 Регионална библиотека "Любен Каравелов" Русе Регионална библиотека "Любен Каравелов" Русе Детски отдел 2003-11-12 Детски отдел 5.50 120000679946 ДН 2/А 36 120000679946 2 2.81 Дост: DA Вид: А N: 27 Дата: 12.11.2003 Дата инв: 30.09.2015 Бележки инв: Д2015 Книги
  Не е изгубен   Не е повреден без рестрикции ползва се в читалня 167638 Регионална библиотека "Любен Каравелов" Русе Регионална библиотека "Любен Каравелов" Русе Хранилище 2004-03-23 Хранилище 5.50 120000683869 Цб I 30983 120000683869 3 2.81 Дост: Dp Вид: Д N: 20 Дата: 01.05.2003 Книги
Vip Innovations Ltd, Rousse, Bulgaria 2025